| 000 | 00818cam a2200229 a 4500 | ||
|---|---|---|---|
| 005 | 20251007080657.0 | ||
| 020 |
_a8187141352 _cTZS 16618/= |
||
| 040 |
_aMCCL _beng. _eAACR 2nd rev. ed. |
||
| 082 | 0 | 0 | _a347.052 SAR |
| 100 | 1 | _aSarkar, S. C. | |
| 245 | 1 | 0 |
_aSarkar's hints on modern advocacy, cross-examination and professional ethics _c/ S.C. Sarkar; with an introduction to the subject by P.B.Mukharji; thoroughly revised by P.M. Bakshi. |
| 246 | 3 | 0 | _aHints on modern advocacy, cross-examination and professional ethics |
| 250 | _a5th ed. | ||
| 260 |
_aNew Delhi : _bIndia Law House, _c2002. |
||
| 300 |
_axxxii, 512 p. : _c25 cm. |
||
| 504 | _aIncludes index. | ||
| 650 | 0 |
_aTrial practice _zIndia. |
|
| 650 | 0 |
_aCross-examination _zIndia. |
|
| 700 | 1 | _aBakshi, P. M. | |
| 700 | 1 | _aP.B.Mukharji | |
| 942 | _cBK | ||
| 999 |
_c12167 _d12167 |
||